Estadísticas para Campeones de los mundiales de la fifa

Haz click aquí para intentar la prueba.

Estadísticas generales

  • Esta prueba ha sido intentada 137 veces
  • La puntuación promedio es 19 de 19

Estadísticas de respuestas

HintRespuesta% Correcto
Brasil 2014Alemania
99%
Suiza 1954Alemania
99%
Alemania 1974Alemania
99%
Mexico 1986Argentina
99%
Argentina1978Argentina
99%
Sudafrica 2010España
99%
España 1982Italia
99%
Alemania 2006Italia
99%
Francia 1938Italia
99%
Italia 1934Italia
99%
Corea y japon 2002Brasil
98%
Estados unidos 1994Brasil
98%
Mexico 1970Brasil
98%
Chile 1962Brasil
98%
Suecia 1958Brasil
98%
Brasil 1950Uruguay
98%
Uruguay 1930Uruguay
98%
Francia 1998Francia
97%
Inglaterra1966Inglaterra
97%

Distribución de puntuación

Porcentaje por número respondido

Porcentaje de gente con cada puntuación

Historial de tus puntuaciones

No has intentado esta prueba.